Medzinárodné vzťahy 2003

Informácia o konaní medzinárodnej vedeckej konferencie v dňoch 4.-5. decembra 2003 na pôde Ekonomickej univerzity v Bratislave

Gespeichert in:
Bibliographische Detailangaben
1. Verfasser: Mattoš, Boris, 1977-
Format: Buchkapitel
Sprache:Slowakisch
Schlagworte:
Tags: Tag hinzufügen
Keine Tags, Fügen Sie das erste Tag hinzu!

MARC

LEADER 00000naa a2200000 4500
001 0230310
005 20240502073800.8
041 0 |a slo 
044 |a SK 
245 1 0 |a Medzinárodné vzťahy 2003  |c Boris Mattoš 
520 |a Informácia o konaní medzinárodnej vedeckej konferencie v dňoch 4.-5. decembra 2003 na pôde Ekonomickej univerzity v Bratislave 
610 2 0 |a konferencie 
610 2 0 |a vzťahy medzinárodné 
610 2 0 |a spolupráca medzinárodná 
100 1 |a Mattoš, Boris, 1977-